000 01549nam a2200361 a 4500
001 ebr10085544
003 CaPaEBR
006 m u
007 cr cn|||||||||
008 041230s2004 bccab sb 001 0 eng
010 _z 2005362342
020 _z0865715408 (alk. paper)
040 _aCaPaEBR
_cCaPaEBR
035 _a(OCoLC)244768989
043 _an-us---
050 1 4 _aE902
_b.R86 2004eb
082 0 4 _a973.93
_222
100 1 _aRuppert, Michael C.
245 1 0 _aCrossing the Rubicon
_h[electronic resource] :
_bthe decline of the American empire at the end of the age of oil /
_cMichael C. Ruppert ; foreword by Catherine Austin Fitts.
260 _aGabriola, BC :
_bNew Society Publishers,
_cc2004.
300 _axix, 674 p. :
_bill., maps.
504 _aIncludes bibliographical references (p. 618-657) and index.
533 _aElectronic reproduction.
_bPalo Alto, Calif. :
_cebrary,
_d2013.
_nAvailable via World Wide Web.
_nAccess may be limited to ebrary affiliated libraries.
650 0 _aPetroleum industry and trade
_zUnited States.
650 0 _aSeptember 11 Terrorist Attacks, 2001.
650 0 _aDrug traffic
_zUnited States.
650 0 _aPolitical corruption
_zUnited States.
651 0 _aUnited States
_xPolitics and government
_y2001-2009.
651 0 _aUnited States
_xForeign relations
_y2001-2009.
655 7 _aElectronic books.
_2local
710 2 _aebrary, Inc.
856 4 0 _uhttp://site.ebrary.com/lib/rucke/Doc?id=10085544
_zAn electronic book accessible through the World Wide Web; click to view
999 _c49699
_d49699